000 01088nam a22003137i 4500
003 EG-GICUC
005 20260221110333.0
008 260116s1900 ua |||fr|||| 00| 0 ara d
040 _a EG-GICUC
_bara
_c EG-GICUC
_d EG-GICUC
_erda
041 0 _aAra
082 0 4 _221
_a343.7
_bم ح . ب
092 0 4 _221
099 _aLaw1 10 343.7 م ح . ب [1900]
100 0 _aمحمد عبدالله محمد
_eمؤلف.
245 1 0 _aبسائط علم العقاب /
_cتأليف محمد عبدالله محمد.
264 3 _aالقاهرة :
_bمطبعة نهضة مصر،
_c[1900].
300 _a132 صفحة؛
_c24 سم.
336 _2rda content
_atext
337 _2rda media
_aComputer
338 _2rda carrier
_aOnline Resource
500 _aمجموعة محاضرات فى علم العقاب
546 _aالنص باللغة العربية
650 1 _aعلم العقاب
_2qrmak
650 1 _aالقانون الجنائى
_2qrmak
651 1 _2qrmak
856 4 0 _uhttps://fll.law.cu.edu.eg/fulltext/bks/B10-07926.pdf
905 _a54
942 _2ddc
_cBK
_e21
_n0
999 _c57279
_d57279